| 000 | 00829cam9a220026500 4500 | ||
|---|---|---|---|
| 001 | lce00428907 | ||
| 008 | 780616s1978 mau b 001 0 eng | ||
| 010 | _a 78051066 | ||
| 020 | _a0669011517 | ||
| 035 | _a(Sirsi) r115062 | ||
| 035 | _a(DLC) 78051066 | ||
| 035 | _a(UPRA)lce00428907 | ||
| 040 | _dUPRA | ||
| 050 | 0 |
_aLB1738 _b.M25 1978 |
|
| 082 | _a378.1/2 | ||
| 100 | 1 |
_aMcKeachie, Wilbert James, 1921- _dMcKeachie, Wilbert James, 1921- _6A4535.1 |
|
| 245 | 1 | 0 |
_aTeaching tips : _ba guidebook for the beginning college teacher / _cWilbert J. McKeachie. |
| 250 | _a7th ed. | ||
| 260 |
_aLexington, MA : _bHeath, _cc1978. |
||
| 500 | _aIncludes index. | ||
| 504 | _aBibliography: p. 299-326. | ||
| 650 | 0 |
_aCollege teaching. _6S27696.1 |
|
| 949 |
_aLB1738 _wlcc _i-165407 _mMAIN _tBOOK _lON-SHELF |
||
| 004 | 115062 | ||
| 999 |
_c195168 _d195168 |
||